Online
Catalog

La mujer india americana : (Record no. 24765)

MARC details
000 -CABECERA
campo de control de longitud fija 01087nam a2200289 a 4500
001 - NÚMERO DE CONTROL
campo de control 000025272
005 - FECHA Y HORA DE LA ÚLTIMA TRANSACCIÓN
campo de control 20240509123003.0
008 - DATOS DE LONGITUD FIJA--INFORMACIÓN GENERAL
campo de control de longitud fija 110209s1986 sp r 000 | spa d
040 ## - FUENTE DE LA CATALOGACIÓN
Centro catalogador/agencia de origen DO-SdBNP
Lengua de catalogación spa
Centro/agencia transcriptor BNPHU
041 17 - CÓDIGO DE LENGUA
Código de lengua del texto/banda sonora o título independiente spa
Código de lengua original eng
Fuente del código Código de idioma MARC
082 ## - NÚMERO DE LA CLASIFICACIÓN DECIMAL DEWEY
Número de clasificación 305.42
Número de documento/Ítem B328m
049 ## - FONDOS LOCALES (OCLC)
Fondos de biblioteca BNGR
100 1# - ENTRADA PRINCIPAL--NOMBRE DE PERSONA
Nombre de persona Bataille, Gretchen M.
9 (RLIN) 51781
240 00 - TÍTULO UNIFORME
Título uniforme American Indian women, telling their lives.
Lenguaje de la obra Español
245 13 - MENCIÓN DE TÍTULO
Título La mujer india americana :
Resto del título historia, vida, costumbres /
Mención de responsabilidad, etc. Gretchen M. Bataille, Kathleen Mullen Sands ; traducción José Ma. Rodelgo.
260 ## - PUBLICACIÓN, DISTRIBUCIÓN, ETC.
Lugar de publicación, distribución, etc. Barcelona :
Nombre del editor, distribuidor, etc. Mitre,
Fecha de publicación, distribución, etc. 1986.
300 ## - DESCRIPCIÓN FÍSICA
Extensión 254 p. ;
Dimensiones 22 cm.
490 1# - MENCIÓN DE SERIE
Mención de serie Textos de Antropología
534 ## - NOTA SOBRE LA VERSIÓN ORIGINAL
Encabezamiento principal del original Título original :
Mención de título del original American Indian women, telling their lives.
500 ## - NOTA GENERAL
Nota general Bibliografía : p. 245-250
500 ## - NOTA GENERAL
Nota general Incluye índice
650 #4 - PUNTO DE ACCESO ADICIONAL DE MATERIA--TÉRMINO DE MATERIA
Término de materia o nombre geográfico como elemento de entrada Indígenas de américa del norte
Subdivisión general Vida social y costumbres
9 (RLIN) 51782
650 #0 - PUNTO DE ACCESO ADICIONAL DE MATERIA--TÉRMINO DE MATERIA
Término de materia o nombre geográfico como elemento de entrada Mujeres
9 (RLIN) 13968
700 1# - PUNTO DE ACCESO ADICIONAL--NOMBRE DE PERSONA
Nombre de persona Sands, Kathleen Mullen
9 (RLIN) 51783
700 1# - PUNTO DE ACCESO ADICIONAL--NOMBRE DE PERSONA
Nombre de persona Rodelgo, José Ma.
Término indicativo de función/relación tr.
9 (RLIN) 51784
830 #0 - PUNTO DE ACCESO ADICIONAL DE SERIE-TÍTULO UNIFORME
Título uniforme Textos de Antropología.
9 (RLIN) 51785
Holdings
Estado de retiro Estado de pérdida Restricciones de uso No para préstamo Código de colección Localización permanente Ubicación/localización actual Ubicación en estantería Fecha de adquisición Número de inventario Total de préstamos Signatura topográfica completa Código de barras Fecha visto por última vez Precio válido a partir de Tipo de ítem Koha
      Excluido de préstamo Monografías: Libros y Folletos General General En catalogación 11.02.2011 LF1   305.42 B328m 25272-10 25.06.2020 25.06.2020 No se presta

Powered by Koha